[Event "Ch World (team) (under 26)"]
[Site "masterchessopen.com - Haifa (Israel)"]
[Date "1970.08.17"]
[Round "9"]
[White "Liverios Thisefs (GRE)"]
[Black "Balshan Amikam (ISR)"]
[Result "1-0"]
[WhiteElo "2285"]
[BlackElo "2385"]

1.Nf3 f5 2.d4 Nf6 3.g3 e6 4.Bg2 Be7 5.O-O O-O 6.c4 Ne4 7.Nbd2 d5 8.Ne5 c6
9.Ndf3 Bf6 10.b3 a5 11.Ba3 Be7 12.Bxe7 Qxe7 13.c5 Bd7 14.Nd3 g5 15.Nfe5 Qg7
16.Qc2 Be8 17.a3 Bg6 18.f4 Nd7 {#r} 1-0

[Event "corr."]
[Site "masterchessopen.com - DDR"]
[Round "0"]
[White "Hesselbarth Karlheinz (GER)"]
[Black "Pfeiffer Alfred (GER)"]
[Result "1-0"]
[WhiteElo "1808"]
[BlackElo "2108"]

1.d4 e6 2.c4 f5 3.g3 Nf6 4.Bg2 Be7 5.Nf3 O-O 6.O-O Ne4 7.Qc2 Bf6 8.d5 c5 9.Ne1
Nd6 10.Nd2 e5 11.Nd3 b6 12.e4 g6 13.f4 fxe4 14.Nxe4 Nxe4 15.Bxe4 Qe8 16.fxe5
Bxe5 17.Rxf8+ {#r} 1-0

[Event "Ch Georgia"]
[Site "masterchessopen.com - Georgia"]
[Round "0"]
[White "Buslaev Aleksander (GEO)"]
[Black "Beradze Dzhemal (GEO)"]
[Result "0-1"]
[WhiteElo "2200"]
[BlackElo "2200"]

1.c4 f5 2.d4 Nf6 3.g3 e6 4.Bg2 Be7 5.Nf3 O-O 6.O-O Ne4 7.Nbd2 Bf6 8.Qc2 d5
9.cxd5 exd5 10.Nb3 Nc6 11.Bf4 Qe7 12.h4 h6 13.Rac1 g5 14.hxg5 hxg5 15.Be5 Rf7
16.Bxf6 Qxf6 17.e3 Rh7 18.Nc5 Ne7 19.Ne5 Qh6 20.Rfd1 b6 21.Ncd3 f4 22.Nxf4
gxf4 23.Bxe4 dxe4 24.Qxe4 Qh2+ 25.Kf1 fxg3 26.Ng4 Ba6+ 27.Ke1 gxf2+ 28.Nxf2
Rf8 29.Qe6+ Rff7 30.Rc2 Kf8 {#R} 0-1

[Event "Ch Yugoslavia"]
[Site "masterchessopen.com - Yugoslavia"]
[Round "0"]
[White "Bukic Enver (SLO)"]
[Black "Barle Janez (SLO)"]
[Result "1-0"]
[WhiteElo "2500"]
[BlackElo "2379"]

1.Nf3 f5 2.g3 Nf6 3.Bg2 e6 4.O-O Be7 5.d4 O-O 6.c4 Ne4 7.Nbd2 Bf6 8.Qc2 d5
9.b3 c5 10.cxd5 exd5 11.Bb2 cxd4 12.Nxd4 Qb6 13.N2f3 Nc6 14.Rad1 Bd7 15.e3
Rac8 16.Qb1 Nb4 17.a3 Na6 18.b4 Nc7 19.Rc1 Bb5 20.Rfe1 g6 21.Nxb5 Nxb5 22.Bxf6
Qxf6 23.Qd3 Rxc1 24.Rxc1 Qb2 25.Qxd5+ Kh8 26.Qe5+ Qxe5 27.Nxe5 Re8 28.f4 Nbc3
29.Rc2 a5 30.Bxe4 Nxe4 31.b5 a4 32.Rc7 Nd6 33.b6 Rb8 34.Nf7+ Nxf7 35.Rxf7 Kg8
36.Rd7 {#r} 1-0

[Event "corr."]
[Site "masterchessopen.com - BRD"]
[Round "0"]
[White "Horn Pascal (SUI)"]
[Black "Klein Hans-Georg (GER)"]
[Result "1-0"]
[WhiteElo "2224"]
[BlackElo "2168"]

1.c4 f5 2.Nf3 Nf6 3.g3 e6 4.Bg2 Be7 5.O-O O-O 6.d4 Ne4 7.d5 Bf6 8.Qc2 d6 9.Ne1
Nc5 10.Nc3 e5 11.e4 fxe4 12.b4 Nd3 13.Bxe4 Nxc1 14.Bxh7+ Kh8 15.Rxc1 Bh3
16.Ng2 Bg5 17.Rce1 Qf6 18.f4 exf4 19.Nxf4 Bxf4 20.Rxf4 {#r} 1-0

[Event "It"]
[Site "masterchessopen.com - Budapest (Hungary)"]
[Round "0"]
[White "Ree Hans (NED)"]
[Black "Bronstein David I (RUS)"]
[Result "0-1"]
[WhiteElo "2460"]
[BlackElo "2560"]

1.d4 e6 2.c4 f5 3.g3 Nf6 4.Bg2 Be7 5.Nf3 O-O 6.O-O Ne4 7.Nbd2 Bf6 8.Qc2 d5
9.b3 c5 10.Bb2 cxd4 11.Bxd4 Nc6 12.Bxf6 Qxf6 13.cxd5 exd5 14.a3 a5 { ! }
15.Qd3 Be6 16.e3 Rad8 17.Rfd1 ( 17.Nd4 Nxd4 18.exd4 Nxd2 19.Qxd2 f4 { ^20 } )
17...Bf7 18.Nd4 Ne5 19.Nxe4 fxe4 20.Qb5 b6 21.Rac1 Nd3 22.Rc2 Rc8 23.Rdd2 Rc5
{ ! } 24.Qa6 Be8 25.h3 Bd7 { ! } ( 25...Rxc2 26.Rxc2 Nxf2 { ? } 27.Qb7 { ! = }
) 26.Rxc5 bxc5 27.Qxf6 Rxf6 28.Nc2 Rb6 29.f3 Bc6 30.fxe4 dxe4 31.Na1 a4 32.b4
cxb4 33.axb4 Rxb4 34.Nc2 Rb2 {#R} 0-1

[Event "Ch Moscow"]
[Site "masterchessopen.com - Moscow (Russia)"]
[Round "0"]
[White "Gutop Yuri V (RUS)"]
[Black "Kuindzhi Alexander (RUS)"]
[Result "1-0"]
[WhiteElo "2303"]
[BlackElo "2200"]

1.d4 f5 2.Nf3 Nf6 3.g3 e6 4.Bg2 Be7 5.O-O O-O 6.c4 Ne4 7.Nbd2 Bf6 8.Qc2 Nxd2
9.Bxd2 d6 10.Bc3 Qe8 11.e4 fxe4 12.Qxe4 Qh5 13.Rfe1 Nc6 14.Rac1 Nd8 15.Nd2 Qf7
16.Qe3 Be7 17.f4 Rb8 18.d5 b6 19.dxe6 Bxe6 20.Bd5 Bxd5 21.cxd5 Re8 22.Qf3 Nb7
23.b4 Bf6 24.Ne4 Bxc3 25.Rxc3 a5 26.a3 axb4 27.axb4 Re7 28.Rce3 Rbe8 29.Ng5
Qf6 30.Qh5 g6 31.Qxh7+ Rxh7 32.Rxe8+ Kg7 33.R1e7+ Kh6 34.Rxh7# 1-0

[Event "?"]
[Site "masterchessopen.com - Polanica Zdroj (Poland)"]
[Round "3"]
[White "Ghitescu Theodor (ROM)"]
[Black "Lebredo Gerardo (CUB)"]
[Result "1-0"]
[WhiteElo "2440"]
[BlackElo "2385"]

1.d4 e6 2.c4 f5 3.Nf3 Nf6 4.g3 Be7 5.Bg2 O-O 6.O-O Ne4 7.Nbd2 Bf6 8.Qc2 Nxd2
9.Bxd2 a5 10.e4 fxe4 11.Qxe4 Na6 12.Bc3 Rb8 13.Bxa5 b5 14.cxb5 Rxb5 15.Bc3 Nb4
16.Qe2 Rb8 17.Bxb4 Rxb4 18.a3 Rb6 19.Rfc1 Bb7 20.Ne5 Bxg2 21.Kxg2 Qa8+ 22.Kg1
Qd5 23.Rxc7 Rd6 24.Rc4 Bd8 25.Rac1 Bb6 26.Rc8 Bxd4 27.Rxf8+ Kxf8 28.Rc8+ Ke7
29.Qh5 Bxf2+ 30.Kxf2 Qd2+ 31.Qe2 Qd4+ 32.Kg2 {#r} 1-0

[Event "Zt"]
[Site "masterchessopen.com - Amsterdam (Netherlands)"]
[Round "13"]
[White "Rivas Pastor Manuel (ESP)"]
[Black "Meulders Richard (BEL)"]
[Result "0-1"]
[WhiteElo "2559"]
[BlackElo "2245"]

1.c4 f5 2.d4 Nf6 3.g3 e6 4.Nf3 Be7 5.Bg2 O-O 6.O-O Ne4 7.b3 Bf6 8.Bb2 b6
9.Nfd2 Bb7 10.f3 Nxd2 11.Qxd2 d5 12.Na3 Nc6 13.Rfd1 Qe7 14.Rac1 Rfd8 15.e3 Nb4
16.Nb5 c6 17.Ba3 a5 18.Nc3 dxc4 19.bxc4 c5 20.Qf2 g5 21.Bb2 Qg7 22.a3 cxd4
23.exd4 Bxd4 24.Rxd4 Qxd4 25.Qxd4 Rxd4 26.axb4 Rd2 27.Ba3 g4 28.Nb1 Ra2 29.Rf1
axb4 30.Bxb4 gxf3 31.Bxf3 Rb2 {#R} 0-1

[Event "It"]
[Site "masterchessopen.com - Kallithea (Greece)"]
[Round "3"]
[White "Liverios Thisefs (GRE)"]
[Black "Petrovikis Dimosthenis (GRE)"]
[Result "1-0"]
[WhiteElo "2285"]
[BlackElo "2165"]

1.d4 f5 2.Nf3 Nf6 3.g3 e6 4.Bg2 Be7 5.O-O O-O 6.c4 Ne4 7.Nbd2 Bf6 8.Qc2 d5
9.b3 c5 10.cxd5 exd5 11.Bb2 Nc6 12.dxc5 Bxb2 13.Qxb2 Nxc5 14.Rac1 Ne4 15.b4 a6
16.e3 Qd6 17.a3 Qf6 18.Qxf6 Rxf6 19.Rfd1 Be6 20.Nb3 Bf7 21.Nc5 Nxc5 22.Rxc5
Rd6 23.Ng5 Rad8 24.Nxf7 Kxf7 25.Rcxd5 Ke6 26.Rxd6+ Rxd6 27.Rxd6+ Kxd6 28.Kf1
Nd8 29.Ke2 b6 30.Kd3 Nf7 31.f4 a5 32.bxa5 bxa5 33.Kc4 Kc7 34.Kc5 Nd6 35.Bd5
Ne8 36.Kb5 Nf6 37.Bf3 {#r} 1-0

[Event "It"]
[Site "masterchessopen.com - Graz (Austria)"]
[Round "6"]
[White "Pribyl Josef (CZE)"]
[Black "Pytel Krzysztof (FRA)"]
[Result "0-1"]
[WhiteElo "2305"]
[BlackElo "2305"]

1.c4 e6 2.Nf3 f5 3.g3 Nf6 4.Bg2 Be7 5.O-O O-O 6.d4 Ne4 7.b3 Bf6 8.Bb2 c5 9.Qc1
cxd4 10.Nxd4 Nc6 11.Nxc6 bxc6 12.Nd2 d5 13.Nxe4 fxe4 14.Bxf6 Rxf6 15.Qe3 Ba6
16.Rac1 Qb6 17.c5 Qb5 18.Rfe1 e5 19.Qc3 Raf8 20.a4 Qb8 21.f3 Bxe2 22.fxe4 d4
23.Qb2 d3 24.b4 Qd8 25.Rb1 Rf2 26.b5 d2 27.Red1 Bxd1 28.Rxd1 {#R} 0-1

[Event "Ch Poland"]
[Site "masterchessopen.com - Tarnow (Poland)"]
[Round "13"]
[White "Liszka Zbigniew (POL)"]
[Black "Konikowski Jerzy (GER)"]
[Result "0-1"]
[WhiteElo "2175"]
[BlackElo "2325"]

1.d4 e6 2.c4 f5 3.Nf3 Nf6 4.g3 Be7 5.Bg2 O-O 6.O-O Ne4 7.Nbd2 Bf6 8.Qc2 d5
9.b3 c5 10.Bb2 cxd4 11.cxd5 exd5 12.Bxd4 Nc6 13.Bxf6 Qxf6 14.e3 Nb4 15.Qc1 b6
16.a3 Nd3 17.Qb1 Ba6 18.Nxe4 fxe4 19.Nd4 Ne5 20.f4 Bxf1 21.Bxf1 Nf3+ 22.Nxf3
exf3 23.Qd1 Rad8 24.Rc1 Rfe8 25.Qxf3 Qe7 26.Rd1 Qxe3+ 27.Qxe3 Rxe3 28.Bc4 Kf8
29.Rxd5 Rxd5 30.Bxd5 Rd3 31.Bc4 Rd2 32.a4 Ke7 33.Bb5 Kf6 34.Ba6 h5 {#R} 0-1

[Event "Ch Poland"]
[Site "masterchessopen.com - Tarnow (Poland)"]
[Round "9"]
[White "Szalajdewicz Janusz (POL)"]
[Black "Konikowski Jerzy (GER)"]
[Result "0-1"]
[WhiteElo "2290"]
[BlackElo "2325"]

1.c4 e6 2.d4 f5 3.g3 Nf6 4.Bg2 Be7 5.Nf3 O-O 6.O-O Ne4 7.b3 Bf6 8.Bb2 c5
9.Nfd2 d5 10.cxd5 exd5 11.Nf3 b6 12.Na3 Bb7 13.Nc2 Na6 14.Nce1 Nc7 15.Rc1 Ne6
16.Nd3 Rc8 17.Nde5 Qe7 18.e3 Rfd8 19.Re1 Qe8 20.Qe2 Qh5 21.a4 g5 22.h3 Bxe5
23.dxe5 Qg6 24.Nd2 Nxd2 25.Qxd2 Rc7 26.Kh2 Rg7 27.Rg1 Qf7 28.f4 d4 29.Bxb7
Qxb7 30.exd4 cxd4 31.Rcf1 Rdd7 32.Bc1 gxf4 33.gxf4 d3 34.Rxg7+ Rxg7 35.Rg1 Qe4
36.Rxg7+ Kxg7 37.Qe3 {#R} 0-1

[Event "Ch Poland"]
[Site "masterchessopen.com - Tarnow (Poland)"]
[Round "1"]
[White "Tomaszewski Roman (POL)"]
[Black "Bany Jerzy (POL)"]
[Result "1-0"]
[WhiteElo "2332"]
[BlackElo "2420"]

1.d4 e6 2.c4 f5 3.Nf3 Nf6 4.g3 Be7 5.Bg2 O-O 6.O-O Ne4 7.Qc2 Bf6 8.Nc3 Nxc3
9.bxc3 d6 10.e4 Nc6 11.exf5 exf5 12.Re1 Na5 13.Qd3 c5 14.h4 h6 15.Bf4 Qb6
16.Rab1 Qa6 17.Nd2 Rd8 18.dxc5 dxc5 19.Qxd8+ Bxd8 20.Re8+ Kh7 21.Rxd8 Qe6
22.Bd5 Qe7 23.Rg8 Nc6 24.Nf3 Qd7 25.Ne5 Nxe5 26.Bxe5 a5 27.Rxg7+ Qxg7 28.Bxg7
Kxg7 29.Rb5 {#r} 1-0

[Event "It (open)"]
[Site "masterchessopen.com - Bagneux (France)"]
[Round "0"]
[White "Farago Ivan (HUN)"]
[Black "Pytel Krzysztof (FRA)"]
[Result "0-1"]
[WhiteElo "2505"]
[BlackElo "2450"]

1.d4 e6 2.c4 f5 3.g3 Nf6 4.Bg2 Be7 5.Nf3 O-O 6.O-O Ne4 7.Nbd2 Bf6 8.Qc2 d5
9.b3 Nc6 10.Bb2 a5 11.e3 Bd7 12.a3 Qe7 13.Rac1 g5 14.Ne5 g4 15.cxd5 exd5 16.f3
gxf3 17.Ndxf3 Rac8 18.Bh3 Bg7 19.Qd3 Nxe5 20.dxe5 c6 21.Rc2 Rce8 22.b4 axb4
23.axb4 Ng5 24.Nxg5 Qxg5 25.Rcf2 Bxe5 26.Bc1 Qg6 27.Bxf5 Bxf5 28.Rxf5 Rxf5
29.Rxf5 Rf8 30.e4 Rxf5 31.exf5 Qg4 32.Bd2 Kf7 33.b5 Kf6 34.bxc6 bxc6 35.Qc2 c5
36.Be3 c4 37.Qd2 d4 38.Bf4 Qxf5 39.Qb2 c3 {#R} 0-1

[Event "?"]
[Site "masterchessopen.com - Santa Clara (Cuba)"]
[Round "0"]
[White "Huergo Jose Ramon (CUB)"]
[Black "Nogueiras Jesus (CUB)"]
[Result "0-1"]
[WhiteElo "2320"]
[BlackElo "2526"]

1.d4 e6 2.c4 f5 3.g3 Nf6 4.Bg2 Be7 5.Nf3 O-O 6.O-O Ne4 7.d5 Bf6 8.Qc2 Na6
9.Ne1 Nb4 10.Qd1 a5 11.f3 Nc5 12.Nc3 d6 13.Rb1 c6 14.e4 exd5 15.exd5 cxd5
16.cxd5 Re8 17.a3 Qb6 18.Kh1 Qa6 19.Rf2 Nbd3 20.Nxd3 Nxd3 21.Re2 Bd7 22.Bf1
Rxe2 23.Qxe2 Nxc1 24.Rxc1 Qxe2 25.Bxe2 Rc8 26.Rc2 b5 27.Bd3 Rc5 28.Kg2 g6
29.f4 Kf8 30.Kf2 b4 31.axb4 axb4 32.Na2 Ba4 33.Re2 Bd4+ 34.Kf3 Bd1 {#R} 0-1

[Event "Ch Norway"]
[Site "masterchessopen.com - Kirkenes (Norway)"]
[Round "0"]
[White "Myreng Svein G (NOR)"]
[Black "Gundersen Helge (NOR)"]
[Result "1-0"]
[WhiteElo "2235"]
[BlackElo "2212"]

1.Nf3 e6 2.g3 f5 3.Bg2 Nf6 4.O-O Be7 5.c4 O-O 6.d4 Ne4 7.Qc2 Bf6 8.Nbd2 d5
9.Rd1 b6 10.b3 Bb7 11.Bb2 c5 12.dxc5 bxc5 13.cxd5 exd5 14.Nc4 Nd7 15.Nce5 Nxe5
16.Bxe5 Qe7 17.Qb2 Rae8 18.Bxf6 Rxf6 19.e3 a5 20.Rac1 Rb6 21.Qc2 Rb4 22.Ne1 c4
23.bxc4 Rxc4 24.Qb2 Rec8 25.Bf1 Nc3 26.Bxc4 {#r} 1-0

[Event "?"]
[Site "masterchessopen.com - Dortmund (Germany)"]
[Round "9"]
[White "Garcia Palermo Carlos (ITA)"]
[Black "Bischoff Klaus (GER)"]
[Result "1-0"]
[WhiteElo "2515"]
[BlackElo "2415"]

1.d4 e6 2.c4 f5 3.g3 Nf6 4.Bg2 Be7 5.Nf3 O-O 6.O-O Ne4 7.Nbd2 Bf6 8.Qc2 d5
9.cxd5 exd5 10.b4 Nc6 11.Qb2 Re8 12.b5 Ne7 13.Ne5 a6 14.a4 b6 15.Rb1 axb5
16.axb5 Be6 17.Ndf3 g5 18.Bd2 g4 19.Ne1 Bxe5 20.dxe5 d4 21.Qc2 Qd7 22.Rb2 Ra1
23.f3 Nc5 24.Nd3 Rxf1+ 25.Kxf1 Nxd3 26.Qxd3 gxf3 27.Bxf3 Rb8 28.Bg5 c5 29.bxc6
Nxc6 30.Qb5 Na7 31.Qxd7 Bxd7 32.Bd5+ Kg7 33.Bf4 Bc6 34.e6 Re8 35.Be5+ Kg6
36.Bc4 b5 37.Bb3 Nc8 38.Rc2 Be4 39.Rc7 Nb6 40.Rg7+ Kh6 {#r} 1-0

[Event "Olympiad"]
[Site "masterchessopen.com - Dubai (United Arab Emirates)"]
[Round "0"]
[White "Portisch Lajos (HUN)"]
[Black "Spraggett Kevin (CAN)"]
[Result "1-0"]
[WhiteElo "2605"]
[BlackElo "2525"]

1.d4 e6 2.c4 f5 3.g3 Nf6 4.Bg2 Be7 5.Nf3 O-O 6.O-O Ne4 7.b3 Bf6 8.Bb2 d5
9.Nbd2 c6 10.Qc2 a5 11.Rad1 Nd7 12.Ne5 Nxd2 13.Rxd2 a4 14.Nd3 axb3 15.axb3 Qe7
16.Rdd1 Rd8 17.Ra1 Rxa1 18.Rxa1 Nf8 19.e3 g5 20.Ra8 Qe8 21.Ra7 Ng6 22.Nc5 Qf7
23.Nd3 Qc7 24.Bc3 Qb8 25.Qa2 Ne7 26.Ra8 Qc7 27.Qa5 Qxa5 28.Bxa5 Re8 29.Bc7 Ng6
30.Nc5 {#r} 1-0

[Event "?"]
[Site "masterchessopen.com - Leningrad (Russia)"]
[Round "0"]
[White "Osnos Viatcheslav (RUS)"]
[Black "Frolov Artur (UKR)"]
[Result "1-0"]
[WhiteElo "2384"]
[BlackElo "2499"]

1.d4 e6 2.c4 f5 3.g3 Nf6 4.Bg2 Be7 5.Nf3 O-O 6.O-O Ne4 7.Nbd2 Bf6 8.Nxe4 fxe4
9.Ne5 d5 10.Ng4 Nc6 11.Nxf6+ Qxf6 12.Be3 Na5 13.b3 Bd7 14.Qd2 b6 15.f3 Qe7
16.Bg5 Qe8 17.cxd5 exd5 18.fxe4 Rxf1+ 19.Rxf1 h6 20.Bxh6 Qh5 21.e5 c6 22.Bg5
Bh3 23.Bxh3 Qxh3 24.Be7 Re8 25.Qg5 Qd7 26.Bf6 Nb7 27.Rf4 Nd8 28.Bxd8 Qxd8
29.Qg6 Qd7 30.Rh4 Re7 31.Qh7+ Kf8 32.Qh8+ {#r} 1-0

[Event "It (w)"]
[Site "masterchessopen.com - Tallinn (Estonia)"]
[Round "11"]
[White "Csonkics Tunde (HUN)"]
[Black "Fomina Tatyana (EST)"]
[Result "0-1"]
[WhiteElo "2205"]
[BlackElo "2215"]

1.d4 e6 2.c4 f5 3.Nf3 Nf6 4.g3 Be7 5.Bg2 O-O 6.O-O Ne4 7.Nfd2 d5 8.Nxe4 dxe4
9.Nc3 c5 10.d5 Bf6 11.Be3 Na6 12.f3 exf3 13.Bxf3 e5 14.Bg2 e4 15.a3 Kh8 16.Rb1
b6 17.Qd2 Bd7 18.b3 Rc8 19.Rfd1 Nc7 20.Rf1 Ne8 21.g4 Nd6 22.gxf5 Bxf5 23.Bf4
e3 24.Bxe3 Bxb1 25.Rxb1 Be5 26.Kh1 Qh4 27.Bg1 Rf5 28.Bf3 Rcf8 29.Qe3 Bd4
30.Qd3 Re5 31.Rd1 Nf5 32.e4 Ne3 33.Bxe3 Rxf3 34.Rf1 Qf6 {#R} 0-1

[Event "Ch Armed Forces"]
[Site "masterchessopen.com - Tashkent (Uzbekistan)"]
[Round "0"]
[White "Huzman Alexander (ISR)"]
[Black "Graf Alexander (GER)"]
[Result "1-0"]
[WhiteElo "2500"]
[BlackElo "2415"]

1.d4 e6 2.c4 f5 3.g3 Nf6 4.Bg2 Be7 5.Nf3 O-O 6.O-O Ne4 7.b3 Bf6 8.Bb2 c5 9.Qc2
b6 10.Nbd2 Bb7 11.Ne5 cxd4 12.Nxe4 Bxe5 13.Nf6+ Bxf6 14.Bxb7 Nc6 15.Bxa8 Qxa8
16.Rad1 h5 17.Ba3 Rc8 18.Qd2 h4 19.f4 Kf7 20.Qd3 hxg3 21.hxg3 g5 22.Bd6 Rh8
23.Qf3 Qg8 24.Qg2 gxf4 25.Bxf4 Ne5 26.Rxd4 Nf3+ 27.Qxf3 Bxd4+ 28.e3 Bc5 29.Rd1
Ke7 30.Kg2 Qg7 31.Rxd7+ {#r} 1-0

[Event "It"]
[Site "masterchessopen.com - Val Thorens (France)"]
[Round "0"]
[White "Ghitescu Theodor (ROM)"]
[Black "Olivier Jean-Christophe (FRA)"]
[Result "1-0"]
[WhiteElo "2390"]
[BlackElo "2390"]

1.d4 f5 2.Nf3 Nf6 3.g3 e6 4.Bg2 Be7 5.c4 O-O 6.O-O Ne4 7.Qb3 Bf6 8.Nc3 Qe7
9.Nxe4 fxe4 10.Nd2 Bxd4 11.Nxe4 Nc6 12.Bg5 Qf7 13.Rad1 a6 14.c5 g6 15.Bh6 Bg7
16.Bxg7 Qxg7 17.e3 Rf5 18.g4 Rf8 19.f4 Kh8 20.Rf3 b6 21.Rh3 bxc5 22.Ng5 Rb8
23.Nxh7 Kg8 24.Qc3 Nd4 25.exd4 Rxf4 26.g5 Rxd4 27.Rf1 Bb7 28.Bxb7 Rg4+ 29.Kh1
Qxc3 30.bxc3 {#r} 1-0

[Event "It"]
[Site "masterchessopen.com - Aarhus (Denmark)"]
[Round "2"]
[White "Halasz Tamas (HUN)"]
[Black "Hansen Sune Berg (DEN)"]
[Result "0-1"]
[WhiteElo "2356"]
[BlackElo "2566"]

1.d4 e6 2.c4 f5 3.g3 Nf6 4.Bg2 Be7 5.Nf3 O-O 6.O-O Ne4 7.d5 Bf6 8.Nd4 c5 9.Nb5
a6 10.N5c3 Nd6 11.Qd3 e5 12.e4 b5 13.exf5 bxc4 14.Qc2 Nb5 15.d6 Nd4 16.Qe4
Nbc6 17.Na3 Bb7 18.Qd5+ Kh8 19.Qxc5 Nxf5 20.Nxc4 Rb8 21.Be3 Qe8 22.Nb6 Bd8
23.Ncd5 Ncd4 24.Nc4 Qh5 25.h3 Rc8 26.Nc7 Bxg2 27.Kxg2 Qf3+ 28.Kh2 Bxc7 29.dxc7
d6 30.Nxd6 Nxe3 31.fxe3 Qe2+ 32.Kg1 Nf3+ 33.Rxf3 Rxf3 34.Qxe5 Qf2+ 35.Kh1 Rxg3
36.Nf7+ Kg8 37.Nh6+ gxh6 38.Qe6+ Kg7 39.Qe5+ Kg6 40.Qe6+ Kh5 {#R} 0-1

[Event "Bundesliga 1989/90"]
[Site "masterchessopen.com - Germany"]
[Round "0"]
[White "Ferlan Istok (GER)"]
[Black "Strobel Matthias (GER)"]
[Result "1-0"]
[WhiteElo "2306"]
[BlackElo "2088"]

1.d4 f5 2.Nf3 Nf6 3.g3 e6 4.Bg2 Be7 5.O-O O-O 6.c4 Ne4 7.Nc3 Bf6 8.Nxe4 fxe4
9.Ne5 d5 10.Ng4 Be7 11.Qb3 c5 12.dxc5 Bxc5 13.Be3 d4 14.Rad1 e5 15.Nxe5 Qe7
16.Rxd4 Bxd4 17.Bxd4 Nc6 18.Nxc6 bxc6 19.Qe3 Re8 20.h3 a5 21.Rd1 Bf5 22.Bc5
Qe6 23.Rd6 Qxc4 24.b3 Qc2 25.g4 Bg6 26.h4 Rad8 27.Rxd8 Rxd8 28.h5 Bf7 29.Bxe4
Qd1+ 30.Kg2 Re8 31.f3 Bd5 32.Bxh7+ Kxh7 33.Qxe8 Qc2 34.Bd4 a4 35.Qe5 {#r} 1-0

[Event "Regionalliga NordN"]
[Site "masterchessopen.com - Germany"]
[Round "0"]
[White "Willsch Matthias (GER)"]
[Black "Fraas Henning (GER)"]
[Result "1-0"]
[WhiteElo "2269"]
[BlackElo "2096"]

1.d4 f5 2.c4 e6 3.Nf3 Nf6 4.g3 Be7 5.Bg2 O-O 6.O-O Ne4 7.Nc3 d5 8.Ne5 c6 9.f3
Nd6 10.b3 Nf7 11.Nxf7 Rxf7 12.Bb2 f4 13.gxf4 Rxf4 14.e3 Rf6 15.Qd2 Rh6 16.f4
Nd7 17.Rf3 Nf8 18.Nd1 Ng6 19.Nf2 Nh4 20.Rg3 Nf5 21.Rg4 Bd7 22.e4 Nh4 23.Rg3
Nxg2 24.Rxg2 Qf8 25.Rf1 Rh4 26.Ng4 Be8 27.f5 Qf7 28.f6 Rxg4 29.Rxg4 Bxf6 30.e5
Qh5 31.Qg2 {#r} 1-0

[Event "It (open)"]
[Site "masterchessopen.com - Guernsey"]
[Round "0"]
[White "Flear Glenn C (ENG)"]
[Black "Klein Rafael (ISR)"]
[Result "1-0"]
[WhiteElo "2470"]
[BlackElo "1559"]

1.d4 e6 2.c4 f5 3.g3 Nf6 4.Bg2 Be7 5.Nf3 O-O 6.O-O Ne4 7.Nc3 Bf6 8.Qd3 Nxc3
9.bxc3 d5 10.cxd5 exd5 11.Ba3 Be7 12.Bxe7 Qxe7 13.Ne5 c6 14.f4 Nd7 15.a4 Nf6
16.a5 Qd6 17.Rfb1 Rb8 18.c4 dxc4 19.Qxc4+ Be6 20.Qb4 Rfd8 21.Qxd6 Rxd6 22.Nxc6
{#r} 1-0

[Event "It (open)"]
[Site "masterchessopen.com - Ostend (Belgium)"]
[Round "0"]
[White "Schmittdiel Eckhard (GER)"]
[Black "Hansen Sune Berg (DEN)"]
[Result "1-0"]
[WhiteElo "2455"]
[BlackElo "2566"]

1.Nf3 f5 2.d4 Nf6 3.c4 e6 4.g3 Be7 5.Bg2 O-O 6.O-O Ne4 7.Nbd2 Bf6 8.e3 d5 9.b3
c5 10.Bb2 Nc6 11.Ne5 a5 12.Nxe4 fxe4 13.Ng4 Be7 14.f3 exf3 15.Bxf3 cxd4
16.exd4 a4 17.Kg2 axb3 18.axb3 Rxa1 19.Bxa1 b6 20.Qe2 Qd6 21.cxd5 exd5 22.Re1
Bd8 23.Qb5 Ne7 24.Bc3 Qg6 25.Ne5 Qf5 26.Qd3 Qh3+ 27.Kg1 Be6 28.Bb4 Qh6 29.Ng4
Bxg4 30.Bxg4 Qf6 31.Qe3 {#r} 1-0

[Event "It"]
[Site "masterchessopen.com - Asuncion (Paraguay)"]
[Round "5"]
[White "Araya Ricardo (CHI)"]
[Black "Soppe Guillermo (ARG)"]
[Result "0-1"]
[WhiteElo "2305"]
[BlackElo "2424"]

1.d4 e6 2.c4 f5 3.g3 Nf6 4.Bg2 Be7 5.Nf3 O-O 6.O-O Ne4 7.Qc2 Bf6 8.b3 c5 9.e3
b6 10.Bb2 Nc6 11.a3 Bb7 12.Rd1 Qe7 13.Nc3 Nxc3 14.Bxc3 d6 15.Rd2 Nd8 16.dxc5
bxc5 17.Rad1 Be4 18.Qb2 Bxc3 19.Qxc3 Nf7 20.Ne1 a5 21.f3 Bc6 22.Nc2 Qb7 23.f4
Bxg2 24.Rxg2 Rfb8 25.Rb1 Ra6 26.Ne1 Qe4 27.Rgb2 h5 28.Qd3 Rab6 29.Qxe4 fxe4
30.Nc2 d5 31.cxd5 exd5 32.Rd1 Rxb3 33.Rxb3 Rxb3 34.Rxd5 Rc3 35.Rd2 Rd3 36.Re2
a4 37.Kf2 Nd6 38.h3 Nb5 39.g4 Nc3 {#R} 0-1

[Event "It (festival)"]
[Site "masterchessopen.com - Budapest (Hungary)"]
[Round "0"]
[White "Naumkin Igor (RUS)"]
[Black "Hansen Sune Berg (DEN)"]
[Result "1-0"]
[WhiteElo "2490"]
[BlackElo "2566"]

1.d4 f5 2.g3 Nf6 3.Bg2 e6 4.Nf3 Be7 5.O-O O-O 6.c4 Ne4 7.Nbd2 Bf6 8.Qc2 d5
9.b3 c5 10.Bb2 cxd4 11.Bxd4 Nc6 12.Bxf6 Qxf6 13.cxd5 exd5 14.a3 Be6 15.e3 Rac8
16.Qd3 a5 17.Rfc1 Rf7 18.Ra2 Rfc7 19.Rac2 Qe7 20.Nb1 Qf7 21.Nc3 d4 22.Nb5 Bxb3
23.Rb2 Nc3 24.Nxc7 Bc4 25.Qc2 Rxc7 26.Nxd4 Nxd4 27.Qxc3 {#r} 1-0

[Event "It (open)"]
[Site "masterchessopen.com - Budapest (Hungary)"]
[Round "0"]
[White "Pospelov Evgeny (RUS)"]
[Black "Roos Jean-Luc (FRA)"]
[Result "1-0"]
[WhiteElo "2309"]
[BlackElo "2218"]

1.d4 e6 2.c4 f5 3.Nf3 Nf6 4.g3 Be7 5.Bg2 O-O 6.O-O Ne4 7.d5 d6 8.Nbd2 Nxd2
9.Bxd2 e5 10.Qc2 a5 11.c5 Na6 12.Bxa5 Nxc5 13.Bb4 Na6 14.Ba3 Bd7 15.Qb3 Bf6
16.e4 b5 17.Nd2 Qe7 18.exf5 Rfb8 19.Bb4 Nxb4 20.Qxb4 Ra4 21.Qb3 Bxf5 22.Rfe1
e4 23.Re2 Qe5 24.Nxe4 Bxe4 25.Rae1 {#r} 1-0

[Event "Ch Ukraine (team)"]
[Site "masterchessopen.com - Simferopol (Ukraine)"]
[Round "0"]
[White "Izhnin A (UKR)"]
[Black "Galakhov Sergey (RUS)"]
[Result "1-0"]
[WhiteElo "2346"]
[BlackElo "2208"]

1.c4 e6 2.Nf3 f5 3.g3 Nf6 4.Bg2 Be7 5.d4 O-O 6.O-O Ne4 7.d5 Bf6 8.Nbd2 Nxd2
9.Qxd2 e5 10.d6 Nc6 11.e4 fxe4 12.Ng5 Nd4 13.Nxe4 cxd6 14.b3 d5 15.Nxf6+ Qxf6
16.Bxd5+ Kh8 17.Kg2 d6 18.Bb2 Nf3 19.Qe3 Ng5 20.h4 Bh3+ 21.Kg1 Ne6 22.Rfd1 Nc5
23.Rd2 a5 24.Re1 Rae8 25.f4 Qg6 26.fxe5 dxe5 27.Kh2 Qg4 28.Qxc5 e4 29.Rxe4
{#r} 1-0

[Event "Ch Baden-Wuerttemberg"]
[Site "masterchessopen.com - Stuttgart (Germany)"]
[Round "8"]
[White "Effert Kai (GER)"]
[Black "Fochtler Ekkehard (GER)"]
[Result "0-1"]
[WhiteElo "2275"]
[BlackElo "2203"]

1.d4 e6 2.c4 f5 3.Nf3 Nf6 4.g3 Be7 5.Bg2 O-O 6.O-O Ne4 7.Nbd2 Bf6 8.Nxe4 fxe4
9.Ne5 d5 10.b3 c5 11.e3 Bxe5 12.dxe5 Nc6 13.Bb2 Nb4 14.f3 Qg5 15.Qe2 Bd7
16.cxd5 exf3 17.Bxf3 Nxd5 18.Bxd5 exd5 19.Rf4 Qe7 20.Raf1 Rae8 21.Qh5 Rxf4
22.exf4 d4 23.Re1 Qe6 24.Kf2 Qd5 25.Qf3 Qe6 26.f5 Qxf5 27.Qxf5 Bxf5 28.Bc1 Kf7
29.Bf4 Ke6 30.Kf3 Kd5 31.g4 Be6 {#R} 0-1